Bardzo rzadkie imiona żeńskie poniżej 10 tysięcy 150-200 - Statystyki

Ogólne statystyki
  • Ten quiz został rozwiązany 106 razy
  • Średni wynik to 8 z 51
Statystyki odpowiedzi
Miejsce Ile używanych Imię % Poprawnych
157 8,780 Jowita
29%
170 7,532 Bianka
28%
187 5,903 Felicja
28%
152 9,817 Judyta
28%
200 4,231 Pelagia
28%
163 7,986 Inga
27%
159 8,303 Melania
27%
166 7,712 Ada
25%
194 5,047 Gaja
25%
182 6,061 Ida
24%
180 6,190 Lilia
24%
154 9,597 Adela
23%
153 9,630 Liwia
22%
150 11,253 Tatiana
22%
156 8,946 Franciszka
20%
190 5,431 Zenobia
20%
174 7,178 Julianna
19%
176 6,735 Ludwika
19%
155 9,021 Natasza
18%
177 6,606 Bernadetta
17%
181 6,148 Rita
17%
160 8,168 Apolonia
16%
173 7,209 Eleonora
16%
199 4,455 Eryka
16%
164 7,799 Jessica
16%
186 5,941 Ludmiła
16%
158 8,592 Vanessa
16%
169 7,548 Estera
14%
188 5,852 Walentyna
14%
185 6,007 Donata
13%
196 4,652 Sławomira
13%
193 5,126 Gizela
12%
184 6,028 Wacława
11%
161 8,142 Elena
10%
165 7,784 Romana
10%
172 7,258 Sofia
10%
198 4,503 Angelina
8%
179 6,368 Zenona
8%
162 7,996 Alfreda
7%
195 5,042 Irmina
7%
183 6,032 Anetta
6%
197 4,550 Bernarda
6%
171 7,289 Marzenna
5%
168 7,563 Milana
5%
192 5,348 Alena
4%
151 10,066 Mariana
4%
191 5,356 Romualda
4%
189 5,629 Arina
1%
175 6,754 Alisa
0%
167 7,660 Lesia
0%
178 6,384 Olesia
0%
Nie znaleziono quizów pasujących do podanych kryteriów
Rozkład punktacji
Procent ludzi z każdym wynikiem
Percentyl według liczby udzielonych odpowiedzi
Twoja historia wyników
Nie rozwiązałeś tego quizu